Drastické zvýšenie nájomného je nevyhnutné, tvrdí americký expert. 1
Niektoré myšlienky z vystúpenia amerického experta na seminári usporiadanom, o.i. aj US AID, na tému možnosti miestnej bytovej politiky v krajinách východnej a strednej Európy.
Na minha lista:
| Autor principal: | |
|---|---|
| Outros Autores: | |
| Formato: | Capítulo de Livro |
| Idioma: | eslovaco |
| Assuntos: | |
| Tags: |
Sem tags, seja o primeiro a adicionar uma tag!
|
MARC
| LEADER | 00000naa a2200000 4500 | ||
|---|---|---|---|
| 001 | r014420 | ||
| 005 | 20221213123351.7 | ||
| 041 | 0 | |a slo | |
| 044 | |a SK | ||
| 245 | 1 | 0 | |a Drastické zvýšenie nájomného je nevyhnutné, tvrdí americký expert. 1 |c J.I. Lowry, O. Brunovský |
| 520 | |a Niektoré myšlienky z vystúpenia amerického experta na seminári usporiadanom, o.i. aj US AID, na tému možnosti miestnej bytovej politiky v krajinách východnej a strednej Európy. | ||
| 610 | 2 | 0 | |a byty |
| 610 | 2 | 0 | |a bývanie |
| 610 | 2 | 0 | |a politika bytová |
| 610 | 2 | 0 | |a nájomné |
| 610 | 2 | 0 | |a Slovensko |
| 610 | 2 | 0 | |a obce |
| 610 | 2 | 0 | |a zákony |
| 610 | 2 | 0 | |a predaj |
| 610 | 2 | 0 | |a vlastníctvo |
| 610 | 2 | 0 | |a predaj |
| 100 | 1 | |a Lowry, J.I. | |
| 700 | 1 | |a Brunovský, O. | |